000 00559nam a22001937a 4500
003 KOHA_MİRAKIL
005 20251124083131.0
008 251124b tu ||||| |||| 00| 0 tur d
020 _a9786052651223
040 _aTR-AnABB
_btur
_cTR-AnABB
041 _atur
082 _a813.42
_bTUR 2023
100 1 _aTürkkan, Deniz Ceren,
245 1 0 _aDenize söylediğim şarkılar /
_cDeniz Ceren Türkkan
260 _aİstanbul :
_bİthaki Yayınları,
_c2023
300 _a170 sayfa ;
_c21 cm
650 0 4 _aTürk edebiyatı, roman
942 _2ddc
_cBK
999 _c9583
_d9583
900 _bGizem YORULMAZ